Geography Quiz

Random Geography or City Quiz

Populous Metros Sorting Gallery Quiz Stats

 Plays Quiz Updated Jan 11, 2019

Support Sporcle.
Go Orange.
Score 0/25 Timer 05:00
1 Play Today
% Correct
New York
92.5%
Tokyo
91.2%
Mexico City
90.8%
Beijing
88.2%
Shanghai
83.9%
Los Angeles
81.1%
Mumbai
80.3%
São Paulo
78.3%
Moscow
77.8%
Seoul
77.7%
Delhi
77.2%
London
73%
Buenos Aires
70%
% Correct
Bangkok
69.2%
Cairo
69.2%
Jakarta
67.4%
Istanbul
66.1%
Manila
57.4%
Osaka
51.1%
Guangzhou
50.7%
Karachi
46%
Kolkata
46%
Lagos
44.6%
Tehran
43.7%
Dhaka
40%

You're not logged in!

Compare scores with friends on all Sporcle quizzes.
OR
Log In
Forgot?

From the Vault

Double Pair Animal Matching

by MovieGuru

It helps if you're pre-paired!
Remove Ads.
Support Sporcle.
Get the best of Sporcle when you Go Orange. This ad-free experience offers more features, more stats, and more fun while also helping to support Sporcle. Thank you for becoming a member.

Show Comments

Extras

Top Quizzes Today


Score Distribution

Your Account Isn't Verified!

In order to create a playlist on Sporcle, you need to verify the email address you used during registration. Go to your Sporcle Settings to finish the process.

Report this User

Report this user for behavior that violates our Community Guidelines.

Details: